00621cam a22002171 4500001001300000003000400013005001700017008004100034010001700075035001900092040002700111042001200138050002000150100003000170245005700200250001300257260004700270300001900317504003100336651003600367sa 64003809 DLC20260227112020.0741202s1963 ii b 000 0 eng  asa 64003809  a(OCoLC)1096371 aDLCcTxShAdOCoLCdDLC apremarc00aDS435b.D3 19631 aDatta, Kalikinkar,d1905-12aA survey of recent studies on modern Indian history. a[2d ed.] aCalcutta,bFirma K.L. Mukhopadhyay,c1963. a115 p.c23 cm. aBibliographical footnotes. 0aIndiaxHistoryxHistoriography.